000 00655nam a2200229 a 4500
003 OSt
005 20141120213002.0
008 020226s1974
020 _a84-206-1312-6
040 _cBMC
082 _a843
100 1 _aCamus, Albert
_927979
_d1913-1960
245 1 3 _aEl extranjero
_cAlbert Camus ; [traducción, Bonifacio del Carril]
250 _a3ª ed
260 _aParís; Buenos Aires; Madrid
_bAlianza
_bEmecé
_c1974
300 _a143 p.
_c18 cm
490 0 _aEl libro de bolsillo. Sección Literatura
595 _aTraducción : L´étranger
650 2 4 _911443
_aNovela francesa
700 1 _911514
_aCarril, Bonifacio del
942 _2ddc
_cBK
999 _c15508
_d15508